Fusion of hyperspectral and lidar remote sensing data for image classification (Record no. 4578)
[ view plain ]
| 000 -LEADER | |
|---|---|
| fixed length control field | 00668nam a22001697a 4500 |
| 003 - CONTROL NUMBER IDENTIFIER | |
| control field | OSt |
| 005 - DATE AND TIME OF LATEST TRANSACTION | |
| control field | 20220107122757.0 |
| 008 - FIXED-LENGTH DATA ELEMENTS--GENERAL INFORMATION | |
| fixed length control field | 150331b xxu||||| |||| 00| 0 eng d |
| 040 ## - CATALOGING SOURCE | |
| Transcribing agency | |
| 100 ## - MAIN ENTRY--PERSONAL NAME | |
| Personal name | Somy mathew (92312013) |
| 9 (RLIN) | 6352 |
| 245 ## - TITLE STATEMENT | |
| Title | Fusion of hyperspectral and lidar remote sensing data for image classification |
| 502 ## - DISSERTATION NOTE | |
| Degree type | MSc. Geoinformatics |
| Name of granting institution | 2012 - 2014 |
| Year degree granted | INT |
| -- | Radhakrishnan T |
| -- | Rama Rao Nidamanuri (Indian Institute of Space Science and Technology) |
| Miscellaneous information | "Indian Institute of Space Science and Technology, Thiruvananthapuram" |
| 650 ## - SUBJECT ADDED ENTRY--TOPICAL TERM | |
| Topical term or geographic name entry element | REMOTE SENSING |
| 9 (RLIN) | 6353 |
| 650 ## - SUBJECT ADDED ENTRY--TOPICAL TERM | |
| Topical term or geographic name entry element | HYPERSPECTRAL IMAGE |
| 9 (RLIN) | 6354 |
| 650 ## - SUBJECT ADDED ENTRY--TOPICAL TERM | |
| Topical term or geographic name entry element | IMAGE SEGMENTATION |
| 9 (RLIN) | 6355 |
| 942 ## - ADDED ENTRY ELEMENTS (KOHA) | |
| Source of classification or shelving scheme | Dewey Decimal Classification |
| Koha item type | |
| Withdrawn status | Lost status | Source of classification or shelving scheme | Damaged status | Not for loan | Home library | Current library | Date acquired | Total Checkouts | Barcode | Date last seen | Price effective from | Koha item type |
|---|---|---|---|---|---|---|---|---|---|---|---|---|
| Dewey Decimal Classification | IIITM-K | Kerala University of Digital Sciences, Innovation and Technology Knowledge Centre | 31/03/2015 | R-508 | 31/03/2015 | 31/03/2015 | Project Reports |